000 00426cam a22001337a 4500
008 180718b1956 xxu||||| |||| 00| 0 eng d
082 _aD67 R646
100 _aRoll, Eric
245 _aCombined food board: a study in wartime international pianning
_cby Eric Roll
260 _aStanford
_bStanford University Press
_c1956
300 _axiii, 385p
650 _aWorld War, 1939-1945 --Food supply
650 _aCombined Food Board
999 _c427051
_d427051